000 00328nam a2200133Ia 4500
008 230818s2003 xx 000 0 und d
041 _aeng
100 _aAnderws
245 _aFood and Beverage Service (Mannul)
260 _bTata Mc Garth
_c2003
300 _a192p
520 _aGeneral
999 _c851773
_d851773
650 _aFood and Beverage service